Loading...
| Science - Physics | 0 | 3 | 0 | 0 | 30 | 52 | 90.67 | 0 | 2 | 0.00 | 0.00 |
| Science - Other | 0 | 2 | 1 | 1 | 15 | 78 | 101.00 | 0 | 1 | 0.00 | 0.00 |
| Fine Arts - Visual | 0 | 1 | 0 | 0 | 10 | 130 | 130.00 | 0 | 0 | 0.00 | 0.00 |
| Social Science | 0 | 1 | 0 | 0 | 10 | 83 | 83.00 | 0 | 1 | 0.00 | 0.00 |
| Literature - British | 0 | 1 | 0 | 0 | 10 | 100 | 100.00 | 0 | 0 | 0.00 | 0.00 |
| Literature - European | 0 | 1 | 0 | 0 | 10 | 129 | 129.00 | 0 | 0 | 0.00 | 0.00 |
| Fine Arts - Classical Music | 0 | 1 | 1 | 1 | 5 | 122 | 122.00 | 0 | 0 | 0.00 | 0.00 |
| Philosophy | 0 | 1 | 1 | 1 | 5 | 121 | 121.00 | 0 | 0 | 0.00 | 0.00 |
| Other Academic | 0 | 0 | 1 | 0 | -5 | 0.00 | 0 | 0 | 0.00 | 0.00 | |
| History - American | 0 | 0 | 1 | 0 | -5 | 0.00 | 0 | 0 | 0.00 | 0.00 |